000 00542nam a2200193Ia 4500
005 20260120131536.0
008 008 260114s9999 xx 000 0 eng d
020 _a9780197565636
037 _aEBOOK
040 _aCRL
_beng
_cCRL
041 _aeng
_2eng
084 _qCRL
100 _aMonge, Contractor
_9928239
245 0 _aTheories of Communication Networks
260 _bOxford University PressOxford University Press
_c2020
856 _uhttps://academic.oup.com/book/40771
942 _cEBOOK
999 _c1520158
_d1520158